Kenya's best hotels, lodges and homestays (Record no. 60843)
[ view plain ]
| 000 -LEADER | |
|---|---|
| fixed length control field | 00652nam a22002177a 4500 |
| 003 - CONTROL NUMBER IDENTIFIER | |
| control field | OSt |
| 005 - DATE AND TIME OF LATEST TRANSACTION | |
| control field | 20141121115326.0 |
| 008 - FIXED-LENGTH DATA ELEMENTS--GENERAL INFORMATION | |
| fixed length control field | 141121b xxu||||| |||| 00| 0 eng d |
| 040 ## - CATALOGING SOURCE | |
| Original cataloging agency | DLC |
| Language of cataloging | DLC |
| Transcribing agency | DLC |
| 100 ## - MAIN ENTRY--PERSONAL NAME | |
| Personal name | Glenday, Bridget |
| 9 (RLIN) | 33821 |
| 245 ## - TITLE STATEMENT | |
| Title | Kenya's best hotels, lodges and homestays |
| Statement of responsibility, etc | Bridget Glenday |
| 260 ## - PUBLICATION, DISTRIBUTION, ETC. (IMPRINT) | |
| Place of publication, distribution, etc | Nairobi, Kenya |
| Name of publisher, distributor, etc | Kenyway Publications |
| Date of publication, distribution, etc | 1993 |
| 300 ## - PHYSICAL DESCRIPTION | |
| Extent | xx, 304p |
| Other physical details | ill, maps |
| Dimensions | 20cm, |
| 504 ## - BIBLIOGRAPHY, ETC. NOTE | |
| Bibliography, etc | Includes index |
| 650 ## - SUBJECT ADDED ENTRY--TOPICAL TERM | |
| Topical term or geographic name as entry element | Hotels |
| Form subdivision | Guidebooks |
| Geographic subdivision | Kenya |
| 9 (RLIN) | 33822 |
| 650 ## - SUBJECT ADDED ENTRY--TOPICAL TERM | |
| Form subdivision | Guidebooks |
| Geographic subdivision | Kenya |
| 9 (RLIN) | 33823 |
| 650 ## - SUBJECT ADDED ENTRY--TOPICAL TERM | |
| Topical term or geographic name as entry element | Hotels |
| 9 (RLIN) | 33824 |
| 700 ## - ADDED ENTRY--PERSONAL NAME | |
| Personal name | Southwick, Susan |
| 9 (RLIN) | 33825 |
| 700 ## - ADDED ENTRY--PERSONAL NAME | |
| Personal name | Westley, Joan |
| 9 (RLIN) | 33826 |
| 942 ## - ADDED ENTRY ELEMENTS (KOHA) | |
| Source of classification or shelving scheme | Library of Congress Classification |
| Koha item type | Books |
| Withdrawn status | Lost status | Source of classification or shelving scheme | Damaged status | Not for loan | Collection code | Home library | Current library | Shelving location | Date acquired | Source of acquisition | Cost, normal purchase price | Total Checkouts | Full call number | Barcode | Date last seen | Copy number | Price effective from | Koha item type |
|---|---|---|---|---|---|---|---|---|---|---|---|---|---|---|---|---|---|---|
| Library of Congress Classification | General Circulation | AIU/NEGST - Tony Wilmot Memorial Library | AIU/NEGST - Tony Wilmot Memorial Library | General Stacks | 11/21/2014 | Donation-TBN | 18.00 | TX 907.K4G58 1993 | R31405L3232 | 09/26/2019 | 1 | 11/21/2014 | Africana collection (General) |
